00844 2200313 4500001002100000005001500021007000300036008004100039020001800080035002000098040001700118041000800135082000800143084001400151090002300165100002900188245008400217250001000301264002400311300003300335336002100368337003000389338002300419504002600442650002000468850001000488990001600498990001600514INLIS00000000000919920260427090716ta260427 0  a602-7993-07-3 a0010-1122000158 aSBPUPADbind0 aind a510 a510 PRA m a510 PRA m L 17 R 50 aAryo Prayogi;ePengarang1 aMendapatkan Nilai Terbaik Matematika Di Ulangan dan Semesteran /cAryo Prayogi; acet.1 bKata Alvabet,c2013 a126 hlm, :bilus. ;c14,5 cm 2rdacontentateks 2rdamediaatanpa perantara 2rdacarrieravolume abibiliografi, hlm 125 4asoal Matematika aPUPAD a1214/B/2013 a1215/B/2013